As I was passing
Anecdotes on Malaysia, also contains the author's account as a Malaysian woman journalist.
Saved in:
| Main Author: | |
|---|---|
| Format: | Book |
| Language: | English |
| Published: |
Petaling Jaya, Selangor
MPH Group
2007
|
| Subjects: | |
| Tags: |
Add Tag
No Tags, Be the first to tag this record!
|
| Call Number : | DS 592 .A35 2007 |
MARC
| LEADER | 00000pam a2200000 a4500 | ||
|---|---|---|---|
| 001 | 37698 | ||
| 003 | MY-KLNDU | ||
| 005 | 20241218091345.0 | ||
| 008 | 130418 2007 my 000 0 eng d | ||
| 020 | |a 9789833698080 (v.2) | ||
| 020 | |a 9833698085 (v.2) | ||
| 020 | |a 9789833698066 (v.1) | ||
| 020 | |a 9833698069 (v.1) | ||
| 039 | 9 | |a 201403031749 |b zul |c 201307121100 |d shahrim |c 201304180937 |d azraai |c 201304180936 |d azraai |y 200910091627 |z VLOAD | |
| 040 | |a UPNM | ||
| 090 | |a DS 592 |b .A35 2007 | ||
| 100 | 0 | |a Adibah Amin | |
| 245 | 1 | 0 | |a As I was passing |c Adibah Amin |
| 260 | |a Petaling Jaya, Selangor |b MPH Group |c 2007 | ||
| 300 | |a 2 v. |c 20 cm. | ||
| 500 | |a Compilation of a weekly column in the New Straits Times from the 1970s and early 1980s | ||
| 520 | |a Anecdotes on Malaysia, also contains the author's account as a Malaysian woman journalist. | ||
| 591 | |a 0000000289 |b 07/05/08 |c 0193-07 |d 1 |e RM32.9 |f 1 |g 32.9 |h KOPERASI KEDAIBUKU UNIVERSITI MALAYA BER | ||
| 650 | 0 | |a Journalists |z Malaysia |v Biography | |
| 651 | 0 | |a Malaysia |v Anecdotes | |
| 999 | |a vtls000027295 |c 37698 |d 37698 | ||


